Pokemon Generation 2 - Statistics

General Stats
  • This quiz has been taken 17 times
    14 since last reset
  • The average score is 52 of 100
Answer Stats
Answer % Correct
Typhlosion
92%
Germignon
83%
Hericendre
83%
Aligatueur
75%
Elekid
75%
Entei
75%
Feurisson
75%
Fouinar
75%
Ho-oh
75%
Kaiminus
75%
Lugia
75%
Magby
75%
Raikou
75%
Suicune
75%
Tyranocif
75%
Celebi
67%
Cizayox
67%
Cornebre
67%
Crocrodil
67%
Embrylex
67%
Fouinette
67%
Hoothoot
67%
Macronium
67%
Meganium
67%
Mentali
67%
Noctali
67%
Pichu
67%
Qulbutoke
67%
Ymphect
67%
Zarbi
67%
Corayon
58%
Cotovol
58%
Feuforeve
58%
Granivol
58%
Melo
58%
Noarfang
58%
Nostenfer
58%
Steelix
58%
Togepi
58%
Togetic
58%
Toudoudou
58%
Debugant
50%
Demolosse
50%
Girafarig
50%
Hyporoi
50%
Lainergie
50%
Lanturn
50%
Loupio
50%
Malosse
50%
Natu
50%
Octillery
50%
Pharamp
50%
Remoraid
50%
Roigada
50%
Simularbre
50%
Tarpaud
50%
Ursaring
50%
Xatu
50%
Airmure
42%
Axoloto
42%
Cadoizo
42%
Capumain
42%
Cerfrousse
42%
Cochignon
42%
Coxy
42%
Coxyclaque
42%
Demanta
42%
Farfuret
42%
Floravol
42%
Kapoera
42%
Limagma
42%
Lippouti
42%
Maraiste
42%
Marcacrin
42%
Migalos
42%
Mimigal
42%
Pomdepik
42%
Scarhino
42%
Scorplane
42%
Teddiursa
42%
Tournegrain
42%
Volcaropod
42%
Wattouat
42%
Yanma
42%
Azumarill
33%
Ecremeuh
33%
Foretress
33%
Granbull
33%
Heliatronc
33%
Insolourdo
33%
Leuphorie
33%
Marill
33%
Queulorior
33%
Qwilfish
33%
Donphan
25%
Joliflor
25%
Phampy
25%
Porygon2
25%
Snubbull
25%
Caratroc
17%
No matching quizzes found
Score Distribution
Percent of People with Each Score
Percentile by Number Answered
Your Score History
You have not taken this quiz since the last reset